| 000 | 00900nas a2200301 4500 | ||
|---|---|---|---|
| 001 | BR8400781 | ||
| 003 | BR-BrBNA | ||
| 005 | 20231205085806.0 | ||
| 007 | ta | ||
| 008 | 230509b bl.|||p| |||| 00| 00por d | ||
| 040 |
_aBR-BrBNA _bpor _cBiblioteca Nacional de Agricultura |
||
| 041 | _a(Pt) | ||
| 072 | _aF30 | ||
| 100 | 1 | _aOjima, M. | |
| 100 | 1 | _aDall'Orto, F.A.C. | |
| 100 | 1 | _aRigitano, O. | |
| 100 | 1 | _aScaranari, H.J. | |
| 100 | 1 | _aMartins, F.P. | |
| 100 | 1 | _aTombolato, A.F.C. | |
| 100 | 1 | _aBarbosa, W. | |
| 245 | 1 | _aQuatro novos cultivares IAC de pessegos amarelos para mesa [Prunus persica] | |
| 246 | 1 | _aFour new yellow flesh peaches for fresh market [Prunus persica] | |
| 650 | _aPESSEGO | ||
| 650 | _aVARIEDADE | ||
| 773 | 0 |
_tBragantia (Brazil) _xISSN 0006-8705 _g(1983), v. 42 p. 271-279 _wBR8400781 |
|
| 909 |
_a202311 _bLúcia _c55 _dLúcia Elande |
||
| 942 |
_2AGRIS _n0 _cANA |
||
| 999 |
_c113844 _d113844 |
||